| Tag |
First Indicator |
Second Indicator |
Subfields |
| LEADER |
00000cam a2200000Ia 4500 |
| 001 |
in00002781910 |
| 005 |
20150922140020.0 |
| 008 |
120713s2012 txu s000 0 eng d |
| 035 |
|
|
|a (OCoLC)ocn799029204
|
| 035 |
|
|
|a (OCoLC)799029204
|
| 040 |
|
|
|a TLGRL
|c TLGRL
|d OCLCO
|d IKM
|d UtOrBLW
|
| 043 |
|
|
|a n-us-tx
|
| 049 |
|
|
|a TXAM
|
| 086 |
|
|
|a S1500.8 AR79 2012
|2 txdocs
|
| 110 |
1 |
|
|a Texas.
|b Sunset Advisory Commission.
|
| 245 |
1 |
0 |
|a Texas Commission on the Arts :
|b Sunset staff report.
|
| 246 |
3 |
|
|a Sunset Advisory Commission staff report
|
| 246 |
3 |
|
|a Sunset staff review of the Texas Commission on the Arts
|
| 264 |
|
1 |
|a Austin, TX :
|b Sunset Advisory Commission,
|c [2012]
|
| 300 |
|
|
|a 24 pages :
|b illustrations, map ;
|c 28 cm.
|
| 336 |
|
|
|a text
|b txt
|2 rdacontent
|
| 337 |
|
|
|a unmediated
|b n
|2 rdamedia
|
| 338 |
|
|
|a volume
|b nc
|2 rdacarrier
|
| 490 |
1 |
|
|a Staff report
|
| 500 |
|
|
|a "Report prepared by Emily Johnson [and others]"--Colophon.
|
| 500 |
|
|
|a "July 2012."
|
| 500 |
|
|
|a Sunset staff review of the Texas Commission on the Arts
|
| 504 |
|
|
|a Includes bibliographical references.
|
| 610 |
2 |
0 |
|a Texas Commission on the Arts
|x Evaluation.
|
| 650 |
|
0 |
|a Sunset reviews of government programs
|z Texas.
|
| 700 |
1 |
|
|a Johnson, Emily.
|
| 830 |
|
0 |
|a Staff report (Texas. Sunset Advisory Commission)
|
| 856 |
4 |
1 |
|u http://www.lrl.state.tx.us/scanned/sunset/2012TCA.pdf
|t 0
|
| 948 |
|
|
|a cataloged
|b h
|c 2012/11/7
|d c
|e mvaldespin
|f 02:26:54 pm
|
| 994 |
|
|
|a C0
|b TXA
|
| 999 |
|
|
|a MARS
|
| 999 |
f |
f |
|s e30b5063-5cb3-3c6b-8539-f0b07f4c1e63
|i fa104762-daf4-3f2d-95e0-7284afa83764
|t 0
|
| 952 |
f |
f |
|p normal
|a Texas A&M University
|b College Station
|c Sterling C. Evans Library
|d Evans: Texas Documents (Annex 5th floor)
|t 0
|e S1500.8 AR79 2012
|h Other scheme
|i unmediated -- volume
|m A14839376176
|
| 952 |
f |
f |
|a Texas A&M University
|b College Station
|c Electronic Resources
|d Available Online
|t 0
|e S1500.8 AR79 2012
|h Other scheme
|
| 998 |
f |
f |
|a S1500.8 AR79 2012
|t 0
|l Available Online
|
| 998 |
f |
f |
|a S1500.8 AR79 2012
|t 0
|l Evans: Texas Documents (Annex 5th floor)
|